|
|
|
|
| LEADER |
00000nab a2200000 a 4500 |
| 001 |
vtls000185890 |
| 003 |
SK-MaSNL |
| 005 |
20260304070410.0 |
| 008 |
250423c1984 xo 0 slo |
| 015 |
|
|
|a SNBRB19rr/mm-uuuuu
|
| 035 |
|
|
|a CL0196003
|
| 035 |
|
|
|a urn:nbn:sk:snk-abdm6y
|
| 035 |
|
|
|a (urnnbn)urn:nbn:sk:snk:ar-000t5b
|
| 035 |
|
|
|a (uuid)459870be-0a5a-40f7-a98d-dd476df2c7c1
|
| 040 |
|
|
|a SNKBUCL
|b slo
|c SNKBUCL
|e AACR2
|
| 041 |
0 |
|
|a slo
|
| 044 |
|
|
|a xo
|c SK
|
| 080 |
|
|
|a 792.077
|2 1981
|
| 080 |
|
|
|a 792.2
|2 1981
|
| 100 |
1 |
|
|a Kret, Anton,
|d 1930-2019
|4 aut
|9 102081
|
| 245 |
1 |
0 |
|a Sila dramatického charakteru
|b O premiére Jurigovej hry Sváko z Handlovej
|c Anton Kret ; Martin Prášek, František Juriga
|
| 300 |
|
|
|b Obr. 2.
|
| 500 |
|
|
|a /Réžia Martin Prášek./
|
| 600 |
1 |
7 |
|a Juriga, František,
|d 1934-
|2 snkbucl
|9 124901
|
| 650 |
0 |
7 |
|a Divadelný ochotnícky súbor DK ROH, Handlová
|2 snkbucl
|9 1356383
|
| 655 |
|
7 |
|a články z novín a časopisov
|2 snkbucl
|9 267496
|
| 773 |
0 |
|
|t Javisko
|g Roč. 16, č. 6 (1984), s. 294-295
|
| 850 |
|
|
|a Slovenská národná knižnica
|
| 852 |
|
|
|a Slovenská národná knižnica
|
| 954 |
|
|
|a odborná, vedecká literatúra pôvodná (slovenská)
|2 lita
|
| 958 |
|
|
|a article19
|
| 958 |
|
|
|a OND
|
| 958 |
|
|
|a RK
|
| 958 |
|
|
|a EUIPO
|
| 992 |
|
|
|a RBX
|
| 999 |
|
|
|c 2755607
|d 2757537
|